Highest Goal Scorers Top 5 Leagues 23/24 - Statistics

General Stats
  • This quiz has been taken 45 times
  • The average score is 5 of 10
Answer Stats
Goals Player % Correct
36 Kane
100%
27 Haaland
97%
27 Mbappe
92%
24 Martinez
59%
22 Palmer
49%
28 Guirassy
32%
21 Isak
27%
23 Sorloth
22%
24 Openda
11%
24 Dovbyk
5%
No matching quizzes found
Score Distribution
Percent of People with Each Score
Percentile by Number Answered
Your Score History
You have not taken this quiz